Fault diagnosis and testing of digital circuits / (Record no. 545677)
[ view plain ]
| 000 -LEADER | |
|---|---|
| fixed length control field | 00434nam a22001457a 4500 |
| 022 ## - INTERNATIONAL STANDARD SERIAL NUMBER | |
| International Standard Serial Number | 9694170958 |
| 082 ## - DEWEY DECIMAL CLASSIFICATION NUMBER | |
| Classification number | 621.3815 |
| Author Mark | ALT |
| -- | N-01, P-144 |
| 100 ## - MAIN ENTRY--PERSONAL NAME | |
| Personal name | Altaf Mukati |
| 9 (RLIN) | 41617 |
| 245 ## - TITLE STATEMENT | |
| Title | Fault diagnosis and testing of digital circuits / |
| Statement of responsibility, etc. | Altaf Mukati. |
| 260 ## - PUBLICATION, DISTRIBUTION, ETC. | |
| Place of publication, distribution, etc. | Pakistan : |
| Name of publisher, distributor, etc. | Higher Education comission, |
| Date of publication, distribution, etc. | 2006. |
| 300 ## - PHYSICAL DESCRIPTION | |
| Extent | xi, 207 p. : |
| 526 ## - STUDY PROGRAM INFORMATION NOTE | |
| Program name | 0 |
| Interest level | 0 |
| Reading level | 0 |
| Title point value | 621_381500000000000_ALT |
| 650 ## - SUBJECT ADDED ENTRY--TOPICAL TERM | |
| Topical term or geographic name entry element | MCE |
| 9 (RLIN) | 379 |
| 942 ## - ADDED ENTRY ELEMENTS (KOHA) | |
| Source of classification or shelving scheme | |
| Koha item type | Book |
| Withdrawn status | Lost status | Source of classification or shelving scheme | Damaged status | Not for loan | Permanent Location | Current Location | Date acquired | Total Checkouts | Full call number | Barcode | Date last seen | Price effective from | Koha item type |
|---|---|---|---|---|---|---|---|---|---|---|---|---|---|
| Military College of Engineering (MCE) | Military College of Engineering (MCE) | 05/27/2014 | 621.3815 ALT | MCE-38066 | 05/27/2014 | 05/27/2014 | Book |
